000 00536nam a22001457a 4500
008 181130b xxu||||| |||| 00| 0 eng d
020 _a9968899135
082 _a708
_bB772i
100 _aHerkenhoff, Paulo et all.
_96830
245 _a"Infancia". Gráfica reciente de Louise Bourgeois
260 _aSan José, Costa Rica
_bTEOR/éTica
_c2003
300 _a59 p.
_bill (col).
_c21.5 x 20 cm
650 _2Arte contemporáneo
_vArte - exhibiciones
_xBourgeois, Louis - artista
_xArte - grabado
_96831
700 _aHerkenhoff, Paulo (curador)
_96832
999 _c1691
_d1691